Cabinet de curiosités de l'histoire du Monde (notice n° 1568309)
[ vue normale ]
| 000 -LEADER | |
|---|---|
| fixed length control field | 01057cam a2200133 4500500 |
| 005 - DATE AND TIME OF LATEST TRANSACTION | |
| control field | 20251214004208.0 |
| 041 ## - LANGUAGE CODE | |
| Language code of text/sound track or separate title | fre |
| 042 ## - AUTHENTICATION CODE | |
| Authentication code | dc |
| 100 10 - MAIN ENTRY--PERSONAL NAME | |
| Personal name | Grataloup, Christian |
| Relator term | author |
| 245 00 - TITLE STATEMENT | |
| Title | Cabinet de curiosités de l'histoire du Monde |
| 260 ## - PUBLICATION, DISTRIBUTION, ETC. | |
| Name of publisher, distributor, etc. | Armand Colin,<br/> |
| Date of publication, distribution, etc. | 2020.<br/> |
| 520 ## - SUMMARY, ETC. | |
| Summary, etc. | Ces petites chroniques racontent chacune, à partir d’un objet, d’un événement, d’un personnage, l’histoire du monde. L’auteur, spécialiste de la « géo-histoire », nous fait découvrir son « cabinet de curiosités » qui nous entraîne dans tous les coins du monde et à toutes les époques. Des origines de l’or au chas d’une aiguille, de l’importation de la syphilis en Europe par Christophe Colomb, des pérégrinations barbaresques aux différences entre brousse, jungle et maquis, c’est tout un pan de l’histoire universelle d’une richesse insoupçonnée que nous découvrons ainsi. |
| 856 41 - ELECTRONIC LOCATION AND ACCESS | |
| Uniform Resource Identifier | <a href="https://shs.cairn.info/cabinet-de-curiosites-de-l-histoire-du-monde--9782200628895?lang=fr&redirect-ssocas=7080">https://shs.cairn.info/cabinet-de-curiosites-de-l-histoire-du-monde--9782200628895?lang=fr&redirect-ssocas=7080</a> |
Pas d'exemplaire disponible.




Réseaux sociaux